|
|
|
|
| LEADER |
00000nam a22000007a 4500 |
| 005 |
20190723225831.0 |
| 007 |
cr|||| |||| |
| 008 |
190723s2018 br |||||s|||| 00||0 por d |
| 020 |
|
|
|a 978-85-7789-368-3
|
| 035 |
|
|
|a 23847
|
| 040 |
|
|
|a vLex
|
| 090 |
|
|
|c 9054
|d 9054
|
| 100 |
1 |
|
|a Gomes, Sebastiô Edilson
|
| 245 |
1 |
0 |
|a Manual de Direito Administrativo
|h [Recurso electrn̤ico] /
|c Sebastiô Edilson Gomes, Bruna Lima
|
| 256 |
|
|
|a Servicio en ln̕ea
|
| 260 |
|
|
|a San Pablo:
|b JH Mizuno,
|c 2018
|
| 300 |
|
|
|a 1 recurso electrn̤ico
|
| 500 |
|
|
|a A acolhida que teve esta obra por parte de alunos e professores, nos motivou a aprimorar este singelo trabalho. A arquitetura da obra sofreu algumas adequaė̳s: facilitar o estudo do direito administrativo para os acadm̊icos de direito, bem como para aqueles que se preparam para concursos pb︢licos e exames da OAB. Entrementes, o objetivo da obra continuam os mesmos tanto na seleȯ̂, quanto na exposiȯ̂ e disposiȯ̂ dos temas abordados destacando-se como pontos altos a originalidade e abordagem dos principais institutos do Direito Administrativo, pelo que procuramos atender, ao mx̀imo, os conted︢os programt̀icos disciplinares adotados nô s ̤pelas faculdades de Direito, mas tambm̌ aqueles mais exigidos em concursos pb︢licos. Ao final de cada capt̕ulo inclum̕os novas queste̳s com gabarito comentado, e rigorosamente classificadas por assunto, inserimos tweets com objetivo de ajudar a fixar os principais conceitos, e diversos mapas mentais Nosso desejo que essa obra possa contribuir de forma significativa para aqueles que dela fizerem uso.
|
| 506 |
1 |
|
|a Disponible solo en los productos indicados
|d vLex Global
|d vLex Global (Academic Edition, excluding Law Schools)
|d vLex Global (U.S. Academic Edition, Law Schools)
|d vLex Global (U.S. Academic Edition, excluding Law Schools)
|d vLex Global (Academic Edition, Law Schools)
|
| 650 |
0 |
4 |
|a Derecho Pb︢lico y Administrativo
|z Brasil
|
| 700 |
1 |
|
|a Lima, Bruna
|
| 740 |
0 |
|
|a vLex Libros (Servicio en ln̕ea)
|
| 856 |
4 |
0 |
|u http://vlex.com/source/manual-de-direito-administrativo-23847
|z Acceso restringido
|
| 942 |
|
|
|c BOOK
|
| 999 |
0 |
|
|a Public and Administrative Law
|